आधुनिक हिंदी प्रयोग कोश / (Record no. 65818)

MARC details
000 -LEADER
fixed length control field 00893nam a22002177a 4500
005 - DATE AND TIME OF LATEST TRANSACTION
control field 20120430121554.0
010 ## - LCCN (DPL NO)
LC control number
020 ## - INTERNATIONAL STANDARD BOOK NUMBER
International Standard Book Number 8171192645
Terms of availability 250.00
035 ## - SYSTEM CONTROL NUMBER
System control number A-927097
037 ## - SOURCE OF ACQUISITION
Source of stock number/acquisition PUB
082 ## - DEWEY DECIMAL CLASSIFICATION NUMBER
Classification number 420
100 ## - MAIN ENTRY--PERSONAL NAME
Personal name कपूर, बदरीनाथ
245 ## - TITLE STATEMENT
Title आधुनिक हिंदी प्रयोग कोश /
Statement of responsibility, etc बदरीनाथ कपूर
260 ## - PUBLICATION, DISTRIBUTION, ETC. (IMPRINT)
Place of publication, distribution, etc नई दिल्ली
Name of publisher, distributor, etc राधाकृष्ण प्रकाशन
Date of publication, distribution, etc 1997
270 ## - ADDRESS
Address
City
Postal code
Telephone number
300 ## - PHYSICAL DESCRIPTION
Extent 268पृ.
Dimensions 22सेमी (सजिल्द)
650 ## - SUBJECT ADDED ENTRY--TOPICAL TERM
Topical term or geographic name as entry element हिन्दी भाषा
General subdivision व्याकरण
700 ## - ADDED ENTRY--PERSONAL NAME
Personal name कौशिक, ओमप्रकाश
9 (RLIN) 45986
942 ## - ADDED ENTRY ELEMENTS (KOHA)
Source of classification or shelving scheme Dewey Decimal Classification
Item type Hindi Books
Call number suffix कपूर
Classification part 420
Holdings
Withdrawn status Lost status Not for loan Collection code Home library Current library Date acquired Cost, normal purchase price Full call number Barcode Cost, replacement price Koha item type
      Non-fiction Sarojini Nagar Sarojini Nagar 30/04/2012 250.00 420 कपूर A-927097 250.00 Hindi Books

© Delhi Public Library
Hit Counter
free hit counter